Statistics for Africa Decoder

Click here to take the quiz!

General Stats

  • This quiz has been taken 1,011 times
  • The average score is 10 of 26

Answer Stats

HintAnswer% Correct
Vwaterfall on Zambezi River{Victoria} Falls
95%
Nriver that flows through NubiaNile
68%
RZimbabwe's previous nameRhodesia
68%
Nthe N in ANCNational
66%
Dwesternmost mainland capital cityDakar
64%
Ionce a major export of Côte d'Ivoireivory
64%
Eonly country in the world where Amharic
is the official language
Ethiopia
61%
Ccity where of all the gin joints in all the towns in all the world, she walks into mineCasablanca
53%
Urenamed to Burkina Faso in 1984{Upper} Volta
44%
SEswatini means Land of the ....Swazis
43%
L19th century explorerLivingstone
39%
SSouth Africa's rugby team nickname,
also known as Bokke
Springboks
39%
Eone-party state, created in 1993Eritrea
38%
OAlgeria's 4-letter second largest cityOran
36%
Iofficial Nigerian language,
spoken by 24 million
Igbo
33%
Mendured a 15-year civil war after its
1975 independence
Mozambique
30%
Pthis city's name means beach
in Portuguese
Praia
30%
Tlake, bigger than Belgium,
bordering four countries
Tanganyika
29%
Gcountry whose name means Warrior King
in Mande language
Ghana
28%
Tone of Jesus' 12 apostles, after whom
a country is named
Thomas
23%
Iantelope, native to southern countriesimpala
21%
EUgandan airport from where 102 Israeli hostages were rescued in 1976Entebbe
19%
famous quoteDoctor Livingstone, I presume
17%
Opresident that Idi Amin deposed in 1971Obote
7%
OAngola-Namibia border river,
1700 km /1050 mi long
Okavango
6%
R1963 trial where Mandela was found guilty of espionageRivonia
2%

Score Distribution

Percentile by Number Answered

Percent of People with Each Score

Your Score History

You have not taken this quiz